LEADER 01217nam a2200277 u 4500 001 000000000692 003 CaOOAMICUS 005 20070226104229.0 008 941010s1982 it u000 u ita u 035 $a10013208 040 $aPUL(R)$bita 041 1 $aita$hfre 100 1 $aChenu, Marie-Dominique,$cO.P.,$d1895-1990.$0(OLS)http://pul/name/770 240 10$aEveil de la conscience dans la civilisation médiévale.$lItaliano.$0(OLS)http://pul/title/964 245 13$aIl risveglio della coscienza nella civiltà medievale /$cMarie-Dominique Chenu ; prefazione a cura di Inos Biffi. 260 $aMilano :$bJaca Book,$c1982. 300 $a115 [3] p. ;$c18 cm 490 1 $aGià e non ancora.$aPocket ;$v57 650 4$aMedioevo$xCiviltà.$0(OLS)http://pul/subject/756 830 0$aGià e non ancora.$pPocket ;$v57.$0(OLS)http://pul/title/966 850 $aPUL 852 $aPUL$W1$xSL Filosofia 1$y2$m106 F 57$j891$nBK-PRI$b $qStampati$B891$CPULBib$Z2$F891 $H $81 941 1 $a8 961 $aINV: 49476 996 $6245$aIl risveglio della coscienza nella civiltà medievale$9(OLS)http://pul/title/965 996 $6260$aMilano :$bJaca Book$9(OLS)http://pul/publisher/47900 LEADER 01700nam a2200373 u 4500 001 000000034489 003 CaOOAMICUS 005 20070226112458.0 008 980115s1988 it u000 u ita u 020 $a8821186350 035 $a10780240 040 $aMSA$bita 041 1 $aita$heng 100 1 $aAustin, John Langshaw,$d1911-1960.$0(OLS)http://pul/name/26558 240 10$aHow to do things with words.$lItaliano.$0(OLS)http://pul/title/47466 245 10$aCome fare cose con le parole :$ble "William James Lectures" tenute alla Harvard University nel 1955 /$cJohn L. Austin ; edizione italiana a cura di Carlo Penco e Marina Sbisà. 260 $aGenova :$bMarietti,$c1988. 300 $axli, 128 p. ;$c22 cm 490 1 $aCollana di filosofia ;$v22 500 $aContiene indici. 504 $aBibliografia: p. [xxiii]-xxxvi. 650 4$aFilosofia del linguaggio.$0(OLS)http://pul/subject/8316 700 1 $aSbisà, Marina.$0(OLS)http://pul/name/26560 700 1 $aPenco, Carlo.$0(OLS)http://pul/name/26559 830 0$aCollana di filosofia (Marietti) ;$v22.$0(OLS)http://pul/title/8088 850 $aPUL 852 $aPUL$W1$xDP1 Fondo Cecchetti$y53$m298 B 16$j47236$nBK-PRI$b $qFondi$B47236$CPULBib$Z2$F47236 $HPUL56245 $81 941 1 $a1 960 $aLinguaggio$xFilosofia$98316 960 $aLinguaggio e filosofia$98316 960 $aLinguaggio e pensiero$98316 996 $6020$a8821186350$9(OLS)http://pul/number/43275 996 $6245$aCome fare cose con le parole :$ble "William James Lectures" tenute alla Harvard University nel 1955$9(OLS)http://pul/title/47467 996 $6260$aGenova :$bMarietti$9(OLS)http://pul/publisher/48994